ARRUPE JESUIT UNIVERSITY

CORONAVIRUS -STOP THE SPREAD - CLEAN,DISINFECT,COVER

The problems of jurisprudence / (Record no. 121521)

MARC details
000 -LEADER
fixed length control field 00869cam a22003018a 4500
001 - CONTROL NUMBER
control field 858082
003 - CONTROL NUMBER IDENTIFIER
control field ARRUPE
005 - DATE AND TIME OF LATEST TRANSACTION
control field 20141216140035.0
008 - FIXED-LENGTH DATA ELEMENTS--GENERAL INFORMATION
fixed length control field 900905s1990 mau b 001 0 eng
010 ## - LIBRARY OF CONGRESS CONTROL NUMBER
LC control number 89026781
020 ## - INTERNATIONAL STANDARD BOOK NUMBER
International Standard Book Number 067470875X (alk. paper)
035 ## - SYSTEM CONTROL NUMBER
System control number (OCoLC)20690798
035 ## - SYSTEM CONTROL NUMBER
System control number (OCoLC)ocm20690798
035 ## - SYSTEM CONTROL NUMBER
System control number (CStRLIN)NYCG90-B55129
035 ## - SYSTEM CONTROL NUMBER
System control number (NNC)858082
040 ## - CATALOGING SOURCE
Modifying agency NNC
Transcribing agency bh
050 0# - LIBRARY OF CONGRESS CALL NUMBER
Classification number K230.P665
Item number P76 1990
082 0# - DEWEY DECIMAL CLASSIFICATION NUMBER
Classification number 340
Edition number 20
090 ## - LOCALLY ASSIGNED LC-TYPE CALL NUMBER (OCLC); LOCAL CALL NUMBER (OCLC)
Classification number (OCLC) (R) ; Classification number, CALL (RLIN) (NR) K230.P665
Local cutter number (OCLC) ; Book number/undivided call number, CALL (RLIN) P76 1990
300 ## - PHYSICAL DESCRIPTION
Dimensions 25 cm.
100 1# - MAIN ENTRY--PERSONAL NAME
Personal name Posner, Richard A.
9 (RLIN) 7874
245 14 - TITLE STATEMENT
Title The problems of jurisprudence /
Statement of responsibility, etc Richard A. Posner.
260 ## - PUBLICATION, DISTRIBUTION, ETC. (IMPRINT)
Place of publication, distribution, etc Cambridge, Mass. :
Name of publisher, distributor, etc Harvard University Press,
Date of publication, distribution, etc 1990.
300 ## - PHYSICAL DESCRIPTION
Extent xiv, 485 p. ;
504 ## - BIBLIOGRAPHY, ETC. NOTE
Bibliography, etc Includes bibliographical references and index.
650 #0 - SUBJECT ADDED ENTRY--TOPICAL TERM
Topical term or geographic name as entry element Jurisprudence.
9 (RLIN) 13462
942 ## - ADDED ENTRY ELEMENTS (KOHA)
Source of classification or shelving scheme Library of Congress Classification
Koha item type Monograph ( Printed materials)
Holdings
Withdrawn status Lost status Source of classification or shelving scheme Damaged status Not for loan Collection code Home library Current library Shelving location Date acquired Total Checkouts Full call number Barcode Date last seen Date checked out Price effective from Koha item type
    Library of Congress Classification     Main Collection ARRUPE LIBRARY ARRUPE LIBRARY Main Collection 16/12/2014 1 K230.P665 P76 1990 46500003405 27/09/2024 02/09/2024 16/12/2014 Monograph ( Printed materials)

 

Arrupe Library. PO Box MP320 Mt Pleasant, Harare, Zimbabwe
263 242 745411|librarian@aju.ac.zw